[Event "Zaragoza Artistica op"]
[Site "Zaragoza"]
[Date "2013.04.21"]
[Round "4"]
[White "Sanz Arauz, Gerardo"]
[Black "Lopez Guaita, Fernando"]
[Result "0-1"]
[WhiteElo "1500"]
[BlackElo "2027"]
[PlyCount "70"]
[EventDate "2013.04.13"]
[EventType "swiss"]
[EventRounds "9"]
[EventCountry "ESP"]
[SourceTitle "CBM 154 Extra"]
[Source "ChessBase"]
[SourceDate "2013.06.25"]
[SourceVersion "2"]
[SourceVersionDate "2013.06.25"]
[SourceQuality "1"]

1. e4 e5 2. Nf3 Nc6 3. Bb5 a6 4. Bxc6 dxc6 5. d4 exd4 6. Qxd4 Qxd4 7. Nxd4 Bd7 8. 0-0 0-0-0 9. Bf4 f6 10. c3 g5 11. Bg3 h5 12. f3 Ne7 13. Nd2 c5 14. Ne2 Nc6 15. a4 Ne5 16. Bxe5 fxe5 17. c4 Bxa4 18. Nc3 Bd7 19. Rfd1 Be6 20. b3 g4 21. Nd5 c6 22. Ne3 Bh6 23. Ndf1 gxf3 24. gxf3 Rd4 25. Rxd4 cxd4 26. Ng2 Bf8 27. Ne1 Bd6 28. Nd3 Rg8+ 29. Kh1 Bh3 30. Ng3 Kd7 31. c5 Bc7 32. Nxh5 Bg2+ 33. Kg1 Bxf3+ 34. Ng3 Bxe4 35. Nxe5+ Bxe5 0-1